Central Library OPAC University of Rajshahi

সমকালীন দৃষ্টিলোক / (Record no. 81238)

MARC details
000 -LEADER
fixed length control field 00596nam a2200193 a 4500
001 - CONTROL NUMBER
control field 81238
003 - CONTROL NUMBER IDENTIFIER
rucl marc code BD-RjUL
005 - DATE AND TIME OF LATEST TRANSACTION
control field 20230215151616.0
008 - FIXED-LENGTH DATA ELEMENTS--GENERAL INFORMATION
fixed length control field 230215s2016 bg ||||| |||| 00| 0 ben d
035 ## - SYSTEM CONTROL NUMBER
System control number (BD-RjUL)81238
040 ## - CATALOGING SOURCE
Original cataloging agency BD-RjUL
Language of cataloging eng
Transcribing agency BD-RjUL
041 ## - LANGUAGE CODE
Language code of text/sound track or separate title ben
082 ## - DEWEY DECIMAL CLASSIFICATION NUMBER
Edition number 23
Classification number 891.444
Author mark and year SAM 2016
245 ## - TITLE STATEMENT
Title সমকালীন দৃষ্টিলোক /
Statement of responsibility, etc. সম্পাদক রেবেকা আসাদ
650 ## - SUBJECT ADDED ENTRY--TOPICAL TERM
Topical term or geographic name as entry element বাংলা প্রবন্ধ
Topical term or geographic name as entry element Bengali Essay
9 (RLIN) 4490
700 ## - ADDED ENTRY--PERSONAL NAME
Personal name আসাদ, রেবেকা
942 ## - ADDED ENTRY ELEMENTS (KOHA)
Source of classification or shelving scheme Dewey Decimal Classification
Koha item type Books
Holdings
Lost status Source of classification or shelving scheme Damaged status Not for loan Collection code Permanent Location Current Location Shelving location Date acquired Source of acquisition Cost, normal purchase price Total Checkouts Full call number Date last seen Copy number Koha item type Date checked out
  Dewey Decimal Classification   Not For Loan Non-fiction Central Library, University of Rajshahi Central Library, University of Rajshahi Reading Room 28/02/2017 Rebecca Asad 240.00   B 891.444 SAM 2016 15/02/2023 C-1 Books  
  Dewey Decimal Classification     Non-fiction Central Library, University of Rajshahi Central Library, University of Rajshahi General Stacks 28/02/2017 Rebecca Asad 240.00 1 B 891.444 SAM 2016 09/07/2023 C-2 Books 08/06/2023
  Dewey Decimal Classification     Non-fiction Central Library, University of Rajshahi Central Library, University of Rajshahi General Stacks 28/02/2017 Rebecca Asad 240.00   B 891.444 SAM 2016 15/02/2023 C-3 Books